000 00559nam a2200229Ia 4500
003 OSt
005 20221005123754.0
006 a|||||r|||| 00| 0
007 ta
008 221004b |||||||| |||| 00| 0 kan d
024 _a59230
037 _cTextual
040 _aCRL
_cCRL
_bkan
041 _2kan
_akan
082 _aAwM9, 33K9
100 _aMurthy Narsimha Au.
_9634191
245 0 _aMahvignanigalu
260 _c1969
650 _aSCIENCE
942 _hAwM9, 33K9
_cTEXL
_2cc
999 _c1048425
_d1048425